000 00548nam a22001697a 4500
005 20231208140741.0
008 231208b |||||||| |||| 00| 0 eng d
020 _a0409015970
041 _aEnglish
082 _a349 BUT
100 _lEnglish
245 _aButterworths Forms and Precedents : Building and Engineering Contracts /
_cedited by JP Naude
260 _aDurban :
_bButterworth Publishers (Pty) Ltd,
_c1992
300 _b349 pages ;
_c25,5 cm.
650 _aLegal practice
_bLaw
942 _cBK
_6ALISON_BN_VRIES
999 _c1177
_d1177